Η εξέλιξη της ελληνικής κρίσης 2008-2013 : διπλωματική εργασία [πτυχιακή εργασία]

Αποθηκεύτηκε σε:
Λεπτομέρειες βιβλιογραφικής εγγραφής
Κύριος συγγραφέας: Παπαδοπούλου, Αλίκη Γ.
Συγγραφή απο Οργανισμό/Αρχή: Πανεπιστήμιο Αιγαίου Σχολή Ανθρωπιστικών Επιστημών Τμήμα Μεσογειακών Σπουδών
Άλλοι συγγραφείς: Μανώλη, Παναγιώτα (dgsf)
Μορφή: Thesis Βιβλίο
Γλώσσα:Greek
Δημοσίευση: 2013
Θέματα:
Διαθέσιμο Online:http://hdl.handle.net/11610/8284
Ετικέτες: Προσθήκη ετικέτας
Δεν υπάρχουν, Καταχωρήστε ετικέτα πρώτοι!

MARC

LEADER 00000cam a2200000 i 4500
001 1/36682
008 131002s2013 gr ||| | gre||
035 |l 10115691 
040 |a GR-MY-UA  |b gre  |e aacr 
041 0 |a gre 
082 0 |a 330.9495   |2 (22) 
100 1 |a Παπαδοπούλου, Αλίκη Γ. 
245 1 2 |a Η εξέλιξη της ελληνικής κρίσης 2008-2013 :   |b διπλωματική εργασία [πτυχιακή εργασία] /   |c Παπαδοπούλου Αλίκη ; επιβλέπουσα: Μανώλη Παναγιώτα. 
260 |c 2013 
300 |a 69 σ.;   |c 30 εκ. 
500 |a Μέλη εξεταστικής επιτροπής: Ντάλης Σωτήρης, Σεϊμένης Ιωάννης. 
502 |a Πτυχιακή εργασία – Πανεπιστήμιο Αιγαίου, Ρόδος, 2013. 
504 |a Βιβλιογραφία: σ. 67-69. 
650 0 0 |a Economic crises. 
650 0 0 |a Financial crises  |z Greece. 
650 0 0 |a Economic policy. 
650 0 0 |a Dissertations, Academic  |z Greece. 
700 1 |a Μανώλη, Παναγιώτα,  |e dgsf 
710 2 |a Πανεπιστήμιο Αιγαίου  |b Σχολή Ανθρωπιστικών Επιστημών  |b Τμήμα Μεσογειακών Σπουδών. 
852 |a INST  |b RHODES  |c DIATR  |e 20131002  |h 330.9495 ΠΑΠ  |p 005400035558  |q 005400035558  |t DIE  |y 23 
852 |a INST  |b RHODES  |c DIATR  |e 20131002  |h 330.9495 ΠΑΠ  |p 005400035559  |q 005400035559  |t DIE  |y 23 
856 |u http://hdl.handle.net/11610/8284 
901 |a BIBL4-2013-3 
909 |a Ρ  |b 177039 
909 |a Ρ  |b 177040 
924 |a ΠΑΠΑΔΟΠΟΥΛΟΥ  |b ΑΛΙΚΗ  |y Ρόδος  |z 2013-06 
970 |z 2013/10/02